Mastering CAD/CAM

Zeid's Mastering CAD/CAM, first edition covers an in-depth, comprehensive assembly of modern topics, including feature-based modeling, parametrics, NURBS, collaborative design, PDM, and PLM. The text integrates theory, practice and the use of CAD/CAM systems by presenting examples, tutorials, d...

Täydet tiedot

Tallennettuna:
Bibliografiset tiedot
Päätekijä: Zeid, Ibrahim
Aineistotyyppi: Kirja
Kieli:Undetermined
Julkaistu: Boston McGraw-Hill Higher Education 2005
Aiheet:
Tagit: Lisää tagi
Ei tageja, Lisää ensimmäinen tagi!
Thư viện lưu trữ: Trung tâm Học liệu Trường Đại học Cần Thơ
LEADER 01400nam a2200205Ia 4500
001 CTU_137989
008 210402s9999 xx 000 0 und d
020 |c 145.63 
082 |a 670.285 
082 |b Z45 
100 |a Zeid, Ibrahim 
245 0 |a Mastering CAD/CAM 
245 0 |c Ibrahim Zeid 
260 |a Boston 
260 |b McGraw-Hill Higher Education 
260 |c 2005 
520 |a Zeid's Mastering CAD/CAM, first edition covers an in-depth, comprehensive assembly of modern topics, including feature-based modeling, parametrics, NURBS, collaborative design, PDM, and PLM. The text integrates theory, practice and the use of CAD/CAM systems by presenting examples, tutorials, discussions, hands-on exercises, and end-of-chapter problems. Zeid provides readers with a large selection of topics, abundant activities for in-class discussions and outside-class assignments. The text provides the coverage of topics in a fashion that lends itself to customization to suit the instructor’s orientation in course scope and delivery. Suitable for second year to graduate level courses in CAD, CAM, and computational geometry, the text is intended for the Mechanical and Industrial Engineering audience and serves as an excellent reference for professionals. 
650 |a CAD/CAM systems,Hệ thống CAD/CAM 
904 |i Ngân 
980 |a Trung tâm Học liệu Trường Đại học Cần Thơ